000 00805nam a2200205Ia 4500
003 GCL
008 140319s9999 xx 000 0 ara d
040 _aGCL /
_cGCL
082 0 4 _a657.45
_bن م
100 1 _aنادر شعبان السواح
245 1 0 _aالمراجعة الداخلية :
_bفى ظل التشغيل الاليكترونى /
_cنادر شعبان السواح
700 1 _aثناء على القبانى
260 _aالقاهرة :
_bالدار الجامعية ،
_c2006
300 _a208 ص ؛
_c24 سم
650 0 4 _aمراجعة الحسابات
650 0 4 _aالحسابات
650 0 4 _aالتكنولوجيا - برامج الحاسبات
650 0 4 _aمراجعة الحسابات - تكنولوجيا - الحاسبات الالكترونية
942 _2ddc
_cBK
999 _c8305
_d8305